书目信息 |
| 题名: |
康德的形而上学
|
|
| 作者: | 卢雪崑 著 | |
| 分册: | ||
| 出版信息: | 北京 中国人民大学出版社 2016 |
|
| 页数: | 401页 | |
| 开本: | 23cm | |
| 丛书名: | ||
| 单 册: | ||
| 中图分类: | B516.31 , B081.1 | |
| 科图分类: | ||
| 主题词: | ||
| 电子资源: | ||
| ISBN: | 978-7-300-21988-2 | |
| 000 | 01087nam0 22002531 450 | |
| 001 | 0102164903 | |
| 005 | 20170502164903.0 | |
| 010 | @a978-7-300-21988-2@b精装@dCNY89.80 | |
| 100 | @a20160902d2016 em y0chiy50 ea | |
| 101 | 0 | @achi |
| 102 | @aCN@b110000 | |
| 105 | @ay z 000yy | |
| 106 | @ar | |
| 200 | 1 | @a康德的形而上学@9kang de de xing er shang xue@e物自身与智思物@f卢雪崑著 |
| 210 | @a北京@c中国人民大学出版社@d2016 | |
| 215 | @a401页@d23cm | |
| 330 | @a本书按从自然领域出发,再进至自由领域,最后达至自然与自由之统一的进路进行。其结论是:康德的批判哲学揭示出一个建基于“人之物自身的因果性(自由)”的形而上学。它是道德的、属于自由概念之领域的。这个道德的形而上学的枢纽在于人类乃至全宇宙发展的终极根据——意志自由,及其最高原则——自由之原则。康德揭明的是人的真实,同时是人的未来。 | |
| 517 | 1 | @a物自身与智思物@9wu zi shen yu zhi si wu |
| 600 | 0 | @a康德@Akang de@c(Kant, Immanuel@f1724-1804)@x形而上学@x研究 |
| 690 | @aB516.31@v5 | |
| 690 | @aB081.1@v5 | |
| 701 | 0 | @a卢雪崑@9lu xue kun@4著 |
| 801 | 0 | @aCN@b百万庄@c20170308 |
| 905 | @b1002346-51@dB516.31@e161@f6 | |
| 康德的形而上学:物自身与智思物/卢雪崑著.-北京:中国人民大学出版社,2016 |
| 401页;23cm |
| ISBN 978-7-300-21988-2(精装):CNY89.80 |
| 本书按从自然领域出发,再进至自由领域,最后达至自然与自由之统一的进路进行。其结论是:康德的批判哲学揭示出一个建基于“人之物自身的因果性(自由)”的形而上学。它是道德的、属于自由概念之领域的。这个道德的形而上学的枢纽在于人类乃至全宇宙发展的终极根据——意志自由,及其最高原则——自由之原则。康德揭明的是人的真实,同时是人的未来。 |
| ● |
| 相关链接 |
|
|
|
|
正题名:康德的形而上学
索取号:B516.31/161
 
预约/预借
| 序号 | 登录号 | 条形码 | 馆藏地/架位号 | 状态 | 备注 |
| 1 | 1002346 | 210023464 | 第一样本阅览室/ [索取号:B516.31/161] | 在馆 | |
| 2 | 1002347 | 210023473 | 教育系资料室/ [索取号:B516.31/161] | 在馆 | |
| 3 | 1002348 | 210023482 | 教育系资料室/ [索取号:B516.31/161] | 在馆 | |
| 4 | 1002349 | 210023491 | 教育系资料室/ [索取号:B516.31/161] | 在馆 | |
| 5 | 1002350 | 210023507 | 第一借阅区/ [索取号:B516.31/161] | 在馆 | |
| 6 | 1002351 | 210023516 | 第一借阅区/ [索取号:B516.31/161] | 在馆 |